00627nam a2200169Ia 4500008004100000082001300041100003800054245012000092260003900212300001600251520001100267650002800278700001900306942001300325999001900338952010000357230907s9999||||xx |||||||||||||| ||und|| a697bAHM aAhmad Jamil (00000206977)9116561 0aProbabilistic Modelling, Advanced Exergy Analysis, and Cooling Water Optimization of a Combined Cycle Power Plant / aUSPCAS-E, NUST,bIslamabad :c2021 axiii, 43 p. aTH-261 aMS-TEE Thesis MS Thesis aDr Adeel Javed cTHE2ddc c601939d601939 00102ddc4070aCAS-EbCAS-Ed2021-06-30o697 AHMpCAS-ETH0000261r2023-09-12w2023-09-12yTHE